Truyện thần tiên Việt Nam
v.v...
Đã lưu trong:
| Định dạng: | Sách |
|---|---|
| Năm xuất bản: |
H.
Văn hoá thông tin
1997
|
| Chủ đề: | |
| Tags: |
Thêm thẻ
Không có thẻ, Hãy là người đầu tiên gắn thẻ bản ghi này!
|
| LEADER | 00812nam a2200181 4500 | ||
|---|---|---|---|
| 082 | |a 398.209597 |b TR527th. | ||
| 100 | |a | ||
| 245 | |a Truyện thần tiên Việt Nam |c Trường Tân tuyển chọn | ||
| 260 | |a H. |b Văn hoá thông tin |c 1997 | ||
| 300 | |a 318 tr. |c 21 cm. | ||
| 520 | |a v.v... | ||
| 653 | |a Văn học dân gian | ||
| 653 | |a Truyện dân gian | ||
| 653 | |a Việt Nam | ||
| 942 | |2 ddc |c STK0 | ||
| 999 | |c 8243 |d 8243 | ||
| 952 | |0 0 |1 0 |2 ddc |4 0 |6 398_209597000000000_TR527TH |7 0 |8 300 |9 69503 |a qbu |b qbu |c D2 |d 2015-04-05 |g 25000 |o 398.209597 TR527th. |p 8247.c1 |r 0000-00-00 |w 2015-04-05 |y STK0 |0 0 |6 398_209597000000000_TR527TH | ||
| 952 | |0 0 |1 0 |2 ddc |4 0 |6 398_209597000000000_TR527TH |7 0 |8 300 |9 69504 |a qbu |b qbu |c D2 |d 2015-04-05 |g 25000 |o 398.209597 TR527th. |p 8247.c2 |r 0000-00-00 |w 2015-04-05 |y STK0 |0 0 |6 398_209597000000000_TR527TH | ||